Bottrop Quiz - Statistiken

Allgemein
  • Dieses Quiz wurde 54 mal gespielt
  • Das Durchschnittsergebnis liegt bei 7 aus 12
Antwortstatistiken
Hint Antwort % Korrekt
1996 als Warner Bros. Movie World gegründeter Freizeitpark Movie Park
83%
Begehbares Wahrzeichen in Form einer dreiseitigen Pyramide Tetraeder
76%
Stadtbezirk, der 1975 eingemeindet wurde Kirchhellen
68%
Regierungsbezirk Münster
66%
Bottrop wurde 1975 mit obigem Stadtbezirk sowie dieser Stadt zusammengelegt Gladbeck
59%
Name des Fußballstadions Jahnstadion
51%
Was war Prosper-Haniel bis 2018? Das letzte aktive {Steinkohlebergwerk} im Ruhrgebiet
49%
1998 in Bottrop geborener Außenverteidiger von Borussia Dortmund Felix Passlack
49%
Aus Bottrop stammender Maler, dem eine Sammlung im Quadrat-Museum gewidmet ist Josef Albers
49%
In erwähntem Stadtbezirk zelebriertes Fest, bei dem die riesige Ausgabe eines Gebäckstücks mit Holzknüppeln beworfen wird {Brezel}fest
41%
Arzt und Kabarettist, der in Bottrop wohnte und dort 2021 verstarb Ludger Stratmann
34%
Umgangssprachlicher Name der Stadt, zu der Bottrop 1975 gehörte GlaBotKi
32%
Keine übereinstimmenden Quizze gefunden
Verteilung der Resultate
Anzahl Personen mit jedem Resultat
Perzentil nach korrekt beantworteten Fragen
Ihre Resultats-Entwicklung
Sie haben dieses Quiz noch nicht gespielt